Teacher's manual for book 1

Contents: Teaching a course in science; Teaching methods; Reading science material; Teaching helps...

Saved in:
Bibliographic Details
Format: Book
Language:Undetermined
Published: New York The Macmillan Company 1959
Subjects:
Tags: Add Tag
No Tags, Be the first to tag this record!
Institutions: Trung tâm Học liệu Trường Đại học Cần Thơ
LEADER 00570nam a2200181Ia 4500
001 CTU_186447
008 210402s9999 xx 000 0 und d
082 |a 370 
082 |b T253 
245 0 |a Teacher's manual for book 1 
245 0 |c Barnard ... [et al.] 
260 |a New York 
260 |b The Macmillan Company 
260 |c 1959 
520 |a Contents: Teaching a course in science; Teaching methods; Reading science material; Teaching helps... 
650 |a Education,Giáo dục 
904 |i Giang 
980 |a Trung tâm Học liệu Trường Đại học Cần Thơ